موسوعة كتابة الإنشاء باللغة الإنجليزية للمدارس / (رقم التسجيلة. 228973)

تفاصيل مارك
000 -الفاتح
عناصر البيانات ثابتة الطول 00840cam a2200217 i 4500
005 - تاريخ ووقت آخر معاملة
حقل ضبط 20260427094627.0
008 - عناصر البيانات ثابتة الطول
عناصر البيانات ثابتة الطول 250721s2005 jo gr 000 0 ara d
020 ## - الترقيم الدولي المعياري للكتب (ردمك)
الترقيم الدولي المعياري للكتب (ردمك) 9957360183
041 ## - كود اللغة
كود اللغة لنص/مسار صوت أو عنوان منفصل ara
-- eng
082 14 - رقم تصنيف ديوي العشري
رقم التصنيف 428.2
رقم المادة ه ن ي
100 1# - مدخل رئيسي – اسم شخصي
الاسم الشخصي الهنيدي، محمد
علاقة الشخص بالعمل/ دوره مؤلف.
245 10 - بيان العنوان
العنوان موسوعة كتابة الإنشاء باللغة الإنجليزية للمدارس /
بيان المسؤولية تأليف محمد الهنيدي ؛ هناء الشيخ.
250 ## - بيان الطبعة
بيان الطبعة الطبعة الأولى.
264 31 - بيانات النشر، التوزيع…إلخ
مكان النشر، التوزيع...إلخ عمان :
اسم الناشر، الموزع...إلخ دار عالم الثقافة للنشر و التوزيع ؛
-- عالم الثقافة،
تاريخ النشر، التوزيع...إلخ 2005.
300 ## - الوصف المادي
عدد الوحدات المكونة للوعاء 227 صفحة.
650 17 - مدخل إضافي بالموضوع - مصطلح موضوعي
مصطلح موضوعي أو اسم جغرافي كعنصر مدخل اللغة الإنجليزية.
650 17 - مدخل إضافي بالموضوع - مصطلح موضوعي
مصطلح موضوعي أو اسم جغرافي كعنصر مدخل الإنشاء.
700 1# - مدخل إضافي - اسم شخصي
الاسم الشخصي الشيخ، هناء
علاقة الشخص بالعمل/ دوره مؤلف.
942 ## - بيانات إضافية (كوها)
نوع التنصيف Dewey Decimal Classification
نوع المادة (كوها) كتب
المقتنيات
حالة السحب حالة الفقدان مصدر التصنيف حالة التلف غير قابل للإعارة المكتبة الرئيسية المكتبة الحالية موقع الرف تاريخ التزويد العملة الرقم المتسلسل Total Checkouts رقم الإستدعاء الباركود تاريخ آخر ظهور تاريخ الفاتورة نوع المادة (كوها)
    Dewey Decimal Classification     المكتبة المركزية المكتبة المركزية الإعارة 27/04/2026 JOD 1052369   428.2 / ه ن ي 1052369 27/04/2026 27/04/2026 كتب
Implemented & Customized by: BBB with SCIT (Smart Chains for Information Technology)

Powered by Koha